| 000 | 00515nam a2200205Ia 4500 | ||
|---|---|---|---|
| 003 | OSt | ||
| 005 | 20140317081109.0 | ||
| 008 | 140130s9999 xx 000 0 und d | ||
| 020 | _a0590447351 | ||
| 050 |
_aPZ 7 _b.B7633Clt 1991 |
||
| 100 | _aBridwell, Norman | ||
| 245 |
_cNorman Bridwell _aClifford's Bathtime / |
||
| 260 |
_bScholastic, _c1991. _aNew York : |
||
| 300 |
_a1 v. (unpaged) : _bcol. ill. ; _c14 cm. |
||
| 521 | _aG1 | ||
| 526 | _c220 | ||
| 942 |
_cBK _2lcc |
||
| 999 |
_c39979 _d39979 |
||